<?xml version="1.0" encoding="UTF-8"?>
<collection xmlns="http://www.loc.gov/MARC21/slim">
  <record>
    <leader>00000nam  2200000   4500</leader>
    <controlfield tag="001">INLIS000000000061395</controlfield>
    <datafield tag="990" ind1="#" ind2="#">
      <subfield code="a">30.332/Pb-2011</subfield>
    </datafield>
    <controlfield tag="005">20221012123150</controlfield>
    <datafield tag="035" ind1="#" ind2="#">
      <subfield code="a">0010-1022000136</subfield>
    </datafield>
    <controlfield tag="007">ta</controlfield>
    <controlfield tag="008">221012################g##########0#ind##</controlfield>
    <datafield tag="020" ind1="#" ind2="#">
      <subfield code="a">978-979-22-7273-4</subfield>
    </datafield>
    <datafield tag="082" ind1="#" ind2="#">
      <subfield code="a">028.5</subfield>
    </datafield>
    <datafield tag="084" ind1="#" ind2="#">
      <subfield code="a">028.5 BER m</subfield>
    </datafield>
    <datafield tag="100" ind1=" " ind2="#">
      <subfield code="a">Berrios, frank</subfield>
    </datafield>
    <datafield tag="245" ind1="1" ind2="#">
      <subfield code="a">Monster truck mater :</subfield>
      <subfield code="b">Mater si jagoan /</subfield>
      <subfield code="c">Frank berrios</subfield>
    </datafield>
    <datafield tag="260" ind1="#" ind2="#">
      <subfield code="a">Jakarta :</subfield>
      <subfield code="b">Gramedia pustaka,</subfield>
      <subfield code="c">2011</subfield>
    </datafield>
    <datafield tag="300" ind1="#" ind2="#">
      <subfield code="a">15 Hlm :</subfield>
      <subfield code="b">Ilus ;</subfield>
      <subfield code="c">20 x 20 Cm.</subfield>
    </datafield>
    <datafield tag="600" ind1="#" ind2="4">
      <subfield code="a">Bacaan anak-anak</subfield>
    </datafield>
    <datafield tag="990" ind1="#" ind2="#">
      <subfield code="a">24292429</subfield>
    </datafield>
    <datafield tag="990" ind1="#" ind2="#">
      <subfield code="a">1202202429</subfield>
    </datafield>
    <datafield tag="990" ind1="#" ind2="#">
      <subfield code="a">30.332/Pb-2011</subfield>
    </datafield>
  </record>
</collection>
